000 00211 a2200097 4500
001 25934
100 _aLangley M
245 _aCarbon fibers in engineering
260 _a
_bMcGraw-Hill
_c
090 _c17537
_d17537
942 _aNUST-CAE
_cM
_c8377
999 _c261007
_d261007